[Event "24. European Club Cup 2008"]
[Site "Kallithea GRE"]
[Date "2008.10.22"]
[Round "6.31"]
[White "Sodoma, Jan"]
[Black "Bakalarz, Mietek"]
[Result "1/2-1/2"]
[WhiteElo "2358"]
[BlackElo "2330"]
[PlyCount "25"]
[EventDate "2008.10.17"]
[EventType "team-swiss"]
[EventRounds "7"]
[EventCountry "GRE"]
[Source "lmi"]
[SourceDate "2008.10.17"]
[WhiteTeam "Ennis"]
[BlackTeam "Differdange"]

1. d4 d5 2. Nf3 Bf5 3. c4 e6 4. Nc3 c6 5. e3 Nf6 6. Be2 h6 7. cxd5 exd5 8. Bd3
Bxd3 9. Qxd3 Nbd7 10. a3 a5 11. b3 Bd6 12. O-O Qe7 13. Bb2 1/2-1/2

[Event "24. European Club Cup 2008"]
[Site "Kallithea GRE"]
[Date "2008.10.22"]
[Round "6.31"]
[White "Larter, Nick J"]
[Black "Jeitz, Christian"]
[Result "0-1"]
[WhiteElo "1819"]
[BlackElo "2251"]
[PlyCount "58"]
[EventDate "2008.10.17"]
[EventType "team-swiss"]
[EventRounds "7"]
[EventCountry "GRE"]
[Source "lmi"]
[SourceDate "2008.10.17"]
[WhiteTeam "Ennis"]
[BlackTeam "Differdange"]

1. e4 c5 2. c4 Nc6 3. Nc3 g6 4. g3 Bg7 5. Bg2 e6 6. Nge2 Nge7 7. O-O d6 8. d3
O-O 9. Rb1 b6 10. Be3 e5 11. Qd2 Nd4 12. f4 Rb8 13. h3 f5 14. Kh2 a6 15. b4
Nxe2 16. Nxe2 Bd7 17. fxe5 Bxe5 18. Bg5 Qe8 19. bxc5 dxc5 20. Nf4 fxe4 21. dxe4
b5 22. Qa5 Nc6 23. Qxa6 Nd4 24. Nd5 Ne6 25. Rxf8+ Qxf8 26. Rf1 Qe8 27. Bf6 Ra8
28. Qb6 Rb8 29. Qxb8 Bxb8 0-1

[Event "24. European Club Cup 2008"]
[Site "Kallithea GRE"]
[Date "2008.10.23"]
[Round "7.2"]
[White "Shirov, Alexei"]
[Black "Fridman, Daniel"]
[Result "1-0"]
[WhiteElo "2726"]
[BlackElo "2630"]
[PlyCount "49"]
[EventDate "2008.10.17"]
[EventType "team-swiss"]
[EventRounds "7"]
[EventCountry "GRE"]
[Source "lmi"]
[SourceDate "2008.10.17"]
[WhiteTeam "URAL"]
[BlackTeam "Muelheim"]

1. d4 d5 2. c4 c6 3. Nf3 Nf6 4. Nc3 dxc4 5. a4 e6 6. e3 c5 7. Bxc4 Nc6 8. O-O
Be7 9. Qe2 cxd4 10. Rd1 O-O 11. Nxd4 Qc7 12. b3 Ne5 13. Ncb5 Qb8 14. Ba3 Bxa3
15. Nxa3 b6 16. Rac1 Bb7 17. Ba6 Rc8 18. Bxb7 Ned7 19. f4 Qxb7 20. Nc4 Qa6 21.
Qf3 Nc5 22. Nd6 Rf8 23. b4 Ncd7 24. b5 Qxa4 25. Ra1 1-0

[Event "24. European Club Cup 2008"]
[Site "Kallithea GRE"]
[Date "2008.10.23"]
[Round "7.2"]
[White "Hausrath, Daniel"]
[Black "Dreev, Alexey"]
[Result "0-1"]
[WhiteElo "2493"]
[BlackElo "2670"]
[PlyCount "90"]
[EventDate "2008.10.17"]
[EventType "team-swiss"]
[EventRounds "7"]
[EventCountry "GRE"]
[Source "lmi"]
[SourceDate "2008.10.17"]
[WhiteTeam "Muelheim"]
[BlackTeam "URAL"]

1. Nf3 d5 2. g3 c6 3. Bg2 Bf5 4. c4 e6 5. cxd5 exd5 6. O-O Nf6 7. d3 Be7 8. Qb3
Qb6 9. Qc2 O-O 10. Nc3 h6 11. e4 Bh7 12. Be3 Qa6 13. Rfe1 Bb4 14. Bd4 Nbd7 15.
a3 Bc5 16. Bxc5 Nxc5 17. Nxd5 cxd5 18. Qxc5 dxe4 19. dxe4 Bxe4 20. Bf1 Qa4 21.
Bb5 Qb3 22. Bc4 Qxb2 23. Ne5 Rae8 24. Nd3 Qd2 25. Rad1 Qg5 26. f4 Qxc5+ 27.
Nxc5 Bf3 28. Rxe8 Rxe8 29. Rc1 Bc6 30. Nb3 Rd8 31. Na5 Be4 32. Be2 Rd2 33. Kf1
Ra2 34. Rc8+ Kh7 35. Nc4 Bf5 36. Rb8 Ne4 37. Ne3 Bh3+ 38. Ke1 Rxa3 39. Nc2 Rb3
40. Bc4 Rb1+ 41. Ke2 Bf1+ 42. Ke3 Bxc4 43. Kxe4 a5 44. Ne3 Ba6 45. Rf8 a4 0-1

[Event "24. European Club Cup 2008"]
[Site "Kallithea GRE"]
[Date "2008.10.23"]
[Round "7.4"]
[White "Khairullin, Ildar"]
[Black "Mullon, Jean-Baptiste"]
[Result "1-0"]
[WhiteElo "2575"]
[BlackElo "2354"]
[PlyCount "67"]
[EventDate "2008.10.17"]
[EventType "team-swiss"]
[EventRounds "7"]
[EventCountry "GRE"]
[Source "lmi"]
[SourceDate "2008.10.17"]
[WhiteTeam "Saratov"]
[BlackTeam "Clichy"]

1. c4 Nf6 2. Nc3 e6 3. d4 d5 4. cxd5 exd5 5. Bg5 Be7 6. e3 c6 7. Bd3 Nbd7 8.
Nf3 Nh5 9. Bxe7 Qxe7 10. O-O O-O 11. Qb1 g6 12. b4 Ndf6 13. b5 c5 14. dxc5 Qxc5
15. Qb2 Bg4 16. Be2 Rfe8 17. h3 Be6 18. Rac1 Qb6 19. Nd4 Ng7 20. Na4 Qd6 21.
Nc5 Bc8 22. Rfd1 h5 23. a4 g5 24. Qb4 Ne4 25. Bf3 Nxf2 26. Kxf2 g4 27. hxg4
hxg4 28. Nd3 Qh6 29. Nf4 gxf3 30. Rh1 Qf6 31. gxf3 Qe5 32. Qa3 Bf5 33. Rcg1
Rac8 34. Rh5 1-0

[Event "24. European Club Cup 2008"]
[Site "Kallithea GRE"]
[Date "2008.10.23"]
[Round "7.5"]
[White "Sargissian, Gabriel"]
[Black "Khmelniker, Ilya"]
[Result "1-0"]
[WhiteElo "2642"]
[BlackElo "2443"]
[PlyCount "89"]
[EventDate "2008.10.17"]
[EventType "team-swiss"]
[EventRounds "7"]
[EventCountry "GRE"]
[Source "lmi"]
[SourceDate "2008.10.17"]
[WhiteTeam "MIKA"]
[BlackTeam "Beer Sheva"]

1. c4 Nf6 2. Nc3 e5 3. Nf3 Nc6 4. g3 d5 5. cxd5 Nxd5 6. Bg2 Nb6 7. O-O Be7 8.
a3 O-O 9. b4 Re8 10. d3 Bf8 11. Nd2 a5 12. b5 Nd4 13. e3 Ne6 14. Nf3 Nc5 15. d4
exd4 16. exd4 Ncd7 17. Bg5 Nf6 18. Ne5 h6 19. Bxf6 Qxf6 20. Re1 Rd8 21. Re3 Qd6
22. Qf3 Qf6 23. Qd1 Qd6 24. Qh5 Be6 25. Bxb7 Rab8 26. d5 Nxd5 27. Bxd5 Bxd5 28.
Rd1 g6 29. Qe2 Qc5 30. Red3 Bb3 31. Rxd8 Bxd1 32. Rxd1 Qxc3 33. a4 Bc5 34. Nc6
Ra8 35. Kg2 Qb3 36. Rc1 Bd6 37. Rc4 Kf8 38. Re4 h5 39. Qd2 Kg8 40. h4 Bc5 41.
Nxa5 Qb1 42. Qd5 Rxa5 43. Rf4 Qa1 44. Qxf7+ Kh8 45. Qe8+ 1-0

[Event "24. European Club Cup 2008"]
[Site "Kallithea GRE"]
[Date "2008.10.23"]
[Round "7.5"]
[White "Pashikian, Arman"]
[Black "Vydeslaver, Alik"]
[Result "1-0"]
[WhiteElo "2611"]
[BlackElo "2399"]
[PlyCount "117"]
[EventDate "2008.10.17"]
[EventType "team-swiss"]
[EventRounds "7"]
[EventCountry "GRE"]
[Source "lmi"]
[SourceDate "2008.10.17"]
[WhiteTeam "MIKA"]
[BlackTeam "Beer Sheva"]

1. d4 d5 2. c4 e6 3. Nf3 c6 4. Nbd2 Nf6 5. g3 Bd6 6. b3 O-O 7. Bg2 Nbd7 8. Bb2
Qe7 9. O-O b6 10. Ne5 Bb7 11. cxd5 cxd5 12. Ndc4 Rfc8 13. Nxd6 Qxd6 14. f3 Ba6
15. Qd2 Qc7 16. Rfc1 Qb7 17. Nd3 Rxc1+ 18. Rxc1 Bxd3 19. Qxd3 Rc8 20. Rd1 b5
21. g4 a6 22. e3 Qb6 23. Rd2 Qa5 24. a3 h5 25. h3 hxg4 26. hxg4 Qc7 27. Qe2 Nh7
28. Qf2 Ng5 29. Qh4 Qd8 30. Qg3 Qf6 31. f4 Nh7 32. e4 Nb6 33. e5 Qg6 34. Bf1
Qb1 35. Qd3 Qxd3 36. Bxd3 Nf8 37. Kf2 g6 38. Ke3 Nfd7 39. f5 Kg7 40. Rh2 Nf8
41. f6+ Kg8 42. Rh1 Nfd7 43. Bc1 Rc3 44. Kd2 Rc8 45. Ke2 Nf8 46. Bd2 Rc6 47.
Bb4 Nfd7 48. Kd2 Rc8 49. Bd6 Rc6 50. Bb4 Rc8 51. Rh6 Nf8 52. Kd1 Nh7 53. Bxg6
fxg6 54. Rxg6+ Kh8 55. f7 Nd7 56. Rxe6 Kg7 57. Re8 Rc6 58. e6 Ndf6 59. g5 1-0

[Event "24. European Club Cup 2008"]
[Site "Kallithea GRE"]
[Date "2008.10.23"]
[Round "7.6"]
[White "Volke, Karsten"]
[Black "Eljanov, Pavel"]
[Result "0-1"]
[WhiteElo "2454"]
[BlackElo "2720"]
[PlyCount "115"]
[EventDate "2008.10.17"]
[EventType "team-swiss"]
[EventRounds "7"]
[EventCountry "GRE"]
[Source "lmi"]
[SourceDate "2008.10.17"]
[WhiteTeam "Reichenstein"]
[BlackTeam "Ashdod"]

1. d4 Nf6 2. c4 e6 3. Nf3 b6 4. g3 Ba6 5. Qa4 Bb7 6. Bg2 g6 7. O-O Bg7 8. Nc3
Ne4 9. Nxe4 Bxe4 10. Qa3 Qe7 11. Qxe7+ Kxe7 12. Bg5+ f6 13. Be3 d6 14. Rfd1 f5
15. Rd2 Nd7 16. d5 e5 17. Bf1 Bxf3 18. exf3 a5 19. Re1 Kf7 20. Rde2 h5 21. h4
Bh6 22. f4 Rae8 23. fxe5 dxe5 24. f4 e4 25. Kg2 Bf8 26. Bd4 Rg8 27. b3 Ba3 28.
Rc2 Ke7 29. Be2 Kd6 30. Rd1 Ra8 31. Rb1 Rge8 32. Bd1 Nb8 33. Re2 Na6 34. Bc2
Nb4 35. Rd1 a4 36. Bb1 axb3 37. axb3 Na6 38. Ra2 Bb4 39. Bc2 Nc5 40. Be5+ Kd7
41. Rda1 Ra5 42. Rxa5 bxa5 43. Kf1 Kc8 44. Ke2 Kb7 45. Bd4 Ra8 46. Be5 Rd8 47.
Bf6 Rd7 48. Bd4 Na6 49. Be3 Rd8 50. Bd4 Ra8 51. Be5 Kb6 52. Rd1 Bd6 53. Bd4+
Bc5 54. Bc3 Nb4 55. Bb1 a4 56. bxa4 Rxa4 57. Rd2 Ra3 58. Be5 0-1

[Event "24. European Club Cup 2008"]
[Site "Kallithea GRE"]
[Date "2008.10.23"]
[Round "7.6"]
[White "Golod, Vitali"]
[Black "Weindl, Alfred"]
[Result "1-0"]
[WhiteElo "2584"]
[BlackElo "2354"]
[PlyCount "55"]
[EventDate "2008.10.17"]
[EventType "team-swiss"]
[EventRounds "7"]
[EventCountry "GRE"]
[Source "lmi"]
[SourceDate "2008.10.17"]
[WhiteTeam "Ashdod"]
[BlackTeam "Reichenstein"]

1. d4 Nf6 2. Nf3 g6 3. c4 c5 4. Nc3 Bg7 5. d5 O-O 6. e4 d6 7. h3 b5 8. cxb5 a6
9. a4 e6 10. dxe6 Bxe6 11. Ng5 Qa5 12. Bd2 Qb4 13. Nxe6 fxe6 14. Qc2 Nbd7 15.
bxa6 Ne5 16. Bb5 Nc4 17. O-O Nxd2 18. Qxd2 Nxe4 19. Nxe4 Qxe4 20. Qxd6 Rad8 21.
Rae1 Qxg2+ 22. Kxg2 Rxd6 23. Bc4 Bd4 24. Rxe6 Rxe6 25. Re1 Rxf2+ 26. Kh1 Kg7
27. Rxe6 Rf7 28. Rxg6+ 1-0

[Event "24. European Club Cup 2008"]
[Site "Kallithea GRE"]
[Date "2008.10.23"]
[Round "7.6"]
[White "Maier, Christian"]
[Black "Kogan, Artur"]
[Result "0-1"]
[WhiteElo "2328"]
[BlackElo "2561"]
[PlyCount "98"]
[EventDate "2008.10.17"]
[EventType "team-swiss"]
[EventRounds "7"]
[EventCountry "GRE"]
[Source "lmi"]
[SourceDate "2008.10.17"]
[WhiteTeam "Reichenstein"]
[BlackTeam "Ashdod"]

1. e4 c5 2. Nf3 d6 3. Bb5+ Nd7 4. c3 Ngf6 5. d3 a6 6. Ba4 b5 7. Bc2 Bb7 8. Nbd2
Rc8 9. O-O Qc7 10. Re1 g6 11. Bb3 Bg7 12. a4 O-O 13. axb5 axb5 14. d4 e5 15. d5
c4 16. Bc2 Nc5 17. Nf1 Qb6 18. Rb1 Ra8 19. h3 Ra2 20. Be3 Qc7 21. Ng3 Nfd7 22.
h4 Nb6 23. h5 Nba4 24. Qc1 Nd3 25. Bxd3 cxd3 26. Bh6 f6 27. Bxg7 Qxg7 28. Nh4
Bc8 29. Re3 Qh6 30. c4 Qf4 31. Nf3 b4 32. Ne1 Nc5 33. Qd2 f5 34. Nxd3 Nxd3 35.
Qxd3 Qxf2+ 36. Kxf2 fxe4+ 37. Rf3 exd3 38. hxg6 hxg6 39. Rxf8+ Kxf8 40. Ke3 Ba6
41. Kxd3 Ra5 42. b3 Rxd5+ 43. Ke3 Ra5 44. Ne4 Ke7 45. Rd1 Ra3 46. Nxd6 Rxb3+
47. Ke4 Ke6 48. c5 Rc3 49. Rd5 b3 0-1

[Event "24. European Club Cup 2008"]
[Site "Kallithea GRE"]
[Date "2008.10.23"]
[Round "7.7"]
[White "Zelcic, Robert"]
[Black "Perez Candelario, Manuel"]
[Result "1-0"]
[WhiteElo "2589"]
[BlackElo "2520"]
[PlyCount "81"]
[EventDate "2008.10.17"]
[EventType "team-swiss"]
[EventRounds "7"]
[EventCountry "GRE"]
[Source "lmi"]
[SourceDate "2008.10.17"]
[WhiteTeam "Zagreb"]
[BlackTeam "Linex"]

1. e4 c5 2. Nf3 d6 3. d4 cxd4 4. Qxd4 Nc6 5. Bb5 Bd7 6. Qd3 Nf6 7. Nc3 g6 8.
Bg5 Bg7 9. O-O-O Ng4 10. Rhf1 h6 11. Bf4 Qa5 12. Nd5 g5 13. Bd2 Qd8 14. Bc3
Nge5 15. Nxe5 Nxe5 16. Qe2 Rc8 17. Bd4 Qa5 18. Bxd7+ Kxd7 19. Kb1 e6 20. f4
gxf4 21. Nxf4 Rhf8 22. Nd3 Ke8 23. Qh5 Qa4 24. c3 a6 25. Nf4 Kd7 26. Bxe5 Qxe4+
27. Nd3 Bxe5 28. Qf3 Qg6 29. Qxb7+ Rc7 30. Qxa6 Bxh2 31. Rd2 Rb8 32. Kc1 Ke8
33. g4 Be5 34. Qa5 Rcb7 35. Nxe5 dxe5 36. Qxe5 Qxg4 37. Qh8+ Ke7 38. Qf6+ Ke8
39. Qxh6 Qg3 40. Qh8+ Ke7 41. Qf6+ 1-0

[Event "24. European Club Cup 2008"]
[Site "Kallithea GRE"]
[Date "2008.10.23"]
[Round "7.8"]
[White "Yemelin, Vasily"]
[Black "Naumann, Alexander"]
[Result "1-0"]
[WhiteElo "2573"]
[BlackElo "2518"]
[PlyCount "83"]
[EventDate "2008.10.17"]
[EventType "team-swiss"]
[EventRounds "7"]
[EventCountry "GRE"]
[Source "lmi"]
[SourceDate "2008.10.17"]
[WhiteTeam "FINEK"]
[BlackTeam "Hohenems"]

1. e4 c5 2. Nf3 d6 3. d4 cxd4 4. Nxd4 Nf6 5. Nc3 a6 6. Be3 Ng4 7. Bg5 h6 8. Bh4
g5 9. Bg3 Bg7 10. h3 Ne5 11. Nf5 Bxf5 12. exf5 Nbc6 13. Nd5 e6 14. fxe6 fxe6
15. Ne3 O-O 16. Be2 d5 17. O-O Ng6 18. c4 d4 19. Nc2 Nf4 20. Ne1 e5 21. Bxf4
Rxf4 22. g3 Rf6 23. Bf3 Qd7 24. Bd5+ Kh8 25. Qg4 Qxg4 26. hxg4 e4 27. Bxe4 Re8
28. Bxc6 Rxc6 29. b3 b5 30. cxb5 axb5 31. Nd3 Rc3 32. Rfd1 Kh7 33. Rd2 Kg6 34.
Kg2 Bf6 35. Rad1 Rec8 36. Ne1 Ra8 37. Nf3 h5 38. Nxd4 b4 39. gxh5+ Kxh5 40. Nf5
Kg6 41. Ne3 Rc6 42. Nd5 1-0

[Event "24. European Club Cup 2008"]
[Site "Kallithea GRE"]
[Date "2008.10.23"]
[Round "7.8"]
[White "Bezold, Michael"]
[Black "Turov, Maxim"]
[Result "0-1"]
[WhiteElo "2513"]
[BlackElo "2572"]
[PlyCount "68"]
[EventDate "2008.10.17"]
[EventType "team-swiss"]
[EventRounds "7"]
[EventCountry "GRE"]
[Source "lmi"]
[SourceDate "2008.10.17"]
[WhiteTeam "Hohenems"]
[BlackTeam "FINEK"]

1. c4 Nf6 2. Nc3 e5 3. Nf3 Nc6 4. d3 Bb4 5. Bd2 O-O 6. e3 Re8 7. Be2 d5 8. cxd5
Nxd5 9. Qc2 Bf8 10. a3 a5 11. O-O Nb6 12. b3 f5 13. Bc1 Be6 14. Bb2 Kh8 15.
Rfe1 Qd7 16. Rac1 Rad8 17. Nb1 Bg8 18. Nbd2 Qe6 19. Qb1 Qg6 20. g3 Nd7 21. e4
Nc5 22. Bc3 Qd6 23. Rcd1 Nxd3 24. Nc4 Bxc4 25. bxc4 fxe4 26. Ng5 Qg6 27. Bxd3
exd3 28. Ne4 Bxa3 29. Qxb7 Bb4 30. Bxb4 Nxb4 31. Re3 Qb6 32. Qxb6 cxb6 33. Ng5
Kg8 34. Nf3 a4 0-1

[Event "24. European Club Cup 2008"]
[Site "Kallithea GRE"]
[Date "2008.10.23"]
[Round "7.8"]
[White "Yevseev, Denis"]
[Black "Novkovic, Milan"]
[Result "1-0"]
[WhiteElo "2534"]
[BlackElo "2398"]
[PlyCount "65"]
[EventDate "2008.10.17"]
[EventType "team-swiss"]
[EventRounds "7"]
[EventCountry "GRE"]
[Source "lmi"]
[SourceDate "2008.10.17"]
[WhiteTeam "FINEK"]
[BlackTeam "Hohenems"]

1. d4 d5 2. c4 c6 3. Nf3 e6 4. Nc3 Nf6 5. Bg5 Nbd7 6. e3 Qa5 7. cxd5 exd5 8.
Bd3 Bd6 9. O-O O-O 10. a3 Qc7 11. b4 h6 12. Bh4 g5 13. Bg3 Bxg3 14. hxg3 Qd6
15. Qc2 a5 16. Rab1 axb4 17. axb4 b6 18. e4 dxe4 19. Nxe4 Nxe4 20. Bxe4 Bb7 21.
b5 Rac8 22. bxc6 Bxc6 23. Bxc6 Qxc6 24. Qf5 Rfe8 25. Rfe1 Qd6 26. Ra1 Rxe1+ 27.
Rxe1 Ra8 28. Qe4 Rb8 29. Rc1 Nf6 30. Qf5 Kg7 31. Ne5 Qxd4 32. Rc7 Qa1+ 33. Kh2
1-0

[Event "24. European Club Cup 2008"]
[Site "Kallithea GRE"]
[Date "2008.10.23"]
[Round "7.8"]
[White "Atlas, Dimitry"]
[Black "Klimov, Sergey"]
[Result "1/2-1/2"]
[WhiteElo "2322"]
[BlackElo "2521"]
[PlyCount "29"]
[EventDate "2008.10.17"]
[EventType "team-swiss"]
[EventRounds "7"]
[EventCountry "GRE"]
[Source "lmi"]
[SourceDate "2008.10.17"]
[WhiteTeam "Hohenems"]
[BlackTeam "FINEK"]

1. e4 c5 2. c3 e6 3. d4 d5 4. exd5 exd5 5. Bd3 Nc6 6. Ne2 Bd6 7. O-O Nf6 8. Bf4
O-O 9. Bxd6 Qxd6 10. dxc5 Qxc5 11. Ng3 Re8 12. Nd2 Bg4 13. Qc2 Rac8 14. Nb3 Qb6
15. Bf5 1/2-1/2

[Event "24. European Club Cup 2008"]
[Site "Kallithea GRE"]
[Date "2008.10.23"]
[Round "7.9"]
[White "Arutinian, David"]
[Black "Babula, Vlastimil"]
[Result "1/2-1/2"]
[WhiteElo "2584"]
[BlackElo "2608"]
[PlyCount "35"]
[EventDate "2008.10.17"]
[EventType "team-swiss"]
[EventRounds "7"]
[EventCountry "GRE"]
[Source "lmi"]
[SourceDate "2008.10.17"]
[WhiteTeam "Bank King"]
[BlackTeam "Bremen"]

1. d4 Nf6 2. Nf3 e6 3. e3 b6 4. Bd3 Bb7 5. O-O g6 6. c4 Bg7 7. Nc3 c5 8. d5
exd5 9. cxd5 Nxd5 10. Nxd5 Bxd5 11. Bxg6 hxg6 12. Qxd5 Nc6 13. e4 Qe7 14. e5
Qe6 15. Rd1 O-O 16. Bf4 Rfe8 17. Qxd7 Nxe5 18. Bxe5 1/2-1/2

[Event "24. European Club Cup 2008"]
[Site "Kallithea GRE"]
[Date "2008.10.23"]
[Round "7.9"]
[White "Lichmann, Peter"]
[Black "Chibukhchian, Artur"]
[Result "1/2-1/2"]
[WhiteElo "2389"]
[BlackElo "2455"]
[PlyCount "40"]
[EventDate "2008.10.17"]
[EventType "team-swiss"]
[EventRounds "7"]
[EventCountry "GRE"]
[Source "lmi"]
[SourceDate "2008.10.17"]
[WhiteTeam "Bremen"]
[BlackTeam "Bank King"]

1. d4 d5 2. c4 dxc4 3. e3 e5 4. Bxc4 exd4 5. exd4 Nf6 6. Qb3 Qe7+ 7. Be3 Nbd7
8. Nc3 Nb6 9. Nge2 Nxc4 10. Qxc4 c6 11. d5 Nxd5 12. Nxd5 cxd5 13. Qxd5 Qb4+ 14.
Qd2 Be6 15. O-O Qxd2 16. Bxd2 O-O-O 17. Be3 b6 18. Nd4 Bd7 19. Rac1+ Kb7 20.
Bf4 Bc5 1/2-1/2

[Event "24. European Club Cup 2008"]
[Site "Kallithea GRE"]
[Date "2008.10.23"]
[Round "7.10"]
[White "Simacek, Pavel"]
[Black "Sulyok, Michael"]
[Result "1-0"]
[WhiteElo "2477"]
[BlackElo "2227"]
[PlyCount "83"]
[EventDate "2008.10.17"]
[EventType "team-swiss"]
[EventRounds "7"]
[EventCountry "GRE"]
[Source "lmi"]
[SourceDate "2008.10.17"]
[WhiteTeam "Novoborsky"]
[BlackTeam "Baden"]

1. e4 d6 2. d4 Nf6 3. Nc3 g6 4. Be2 Bg7 5. Nf3 O-O 6. h3 c5 7. O-O cxd4 8. Nxd4
Nc6 9. Nb3 a6 10. f4 b5 11. Bf3 Bb7 12. Be3 Qc7 13. Qd2 Rac8 14. Rfc1 e6 15.
Ne2 Rfd8 16. a4 bxa4 17. Rxa4 Nd7 18. Ra2 Nc5 19. Qe1 Nxb3 20. cxb3 Qb8 21. Rd1
Ba8 22. Rxa6 Qxb3 23. Nd4 Nxd4 24. Bxd4 Bxd4+ 25. Rxd4 Qxb2 26. Rdxd6 Rxd6 27.
Rxd6 e5 28. f5 Rc1 29. Bd1 Qb1 30. f6 h6 31. Qd2 Kh7 32. Rd7 Qb6+ 33. Kh2 Rxd1
34. Rxf7+ Kg8 35. Rg7+ Kf8 36. Qxd1 Qxf6 37. Rc7 Bxe4 38. Qe1 Bf5 39. Qb4+ Kg8
40. Qb8+ Qf8 41. Qb3+ Kh8 42. Qd5 1-0

[Event "24. European Club Cup 2008"]
[Site "Kallithea GRE"]
[Date "2008.10.23"]
[Round "7.10"]
[White "Herndlbauer, Martin"]
[Black "Klima, Lukas"]
[Result "1/2-1/2"]
[WhiteElo "2122"]
[BlackElo "2404"]
[PlyCount "108"]
[EventDate "2008.10.17"]
[EventType "team-swiss"]
[EventRounds "7"]
[EventCountry "GRE"]
[Source "lmi"]
[SourceDate "2008.10.17"]
[WhiteTeam "Baden"]
[BlackTeam "Novoborsky"]

1. e4 c5 2. c3 d5 3. exd5 Qxd5 4. d4 e5 5. dxe5 Qxd1+ 6. Kxd1 Nc6 7. f4 f6 8.
Nf3 Bg4 9. Kc2 O-O-O 10. Bd3 Nge7 11. Nbd2 Nd5 12. Be4 Nxf4 13. Nc4 Nd5 14. h3
Be6 15. Re1 f5 16. Ng5 Ndb4+ 17. Kb1 Bxc4 18. Bxf5+ Kb8 19. cxb4 g6 20. b3 Bd5
21. Be4 Bg7 22. Bb2 cxb4 23. e6 Bxe4+ 24. Nxe4 Bxb2 25. Kxb2 Rhe8 26. Nf6 Re7
27. Nd7+ Kc7 28. Rad1 Kc8 29. Kc2 Rde8 30. Nf6 Rf8 31. Nd5 Rf2+ 32. Rd2 Nd4+
33. Kd3 Rxd2+ 34. Kxd2 Rxe6 35. Rxe6 Nxe6 36. Ke3 a5 37. g4 g5 38. Nf6 h6 39.
Ng8 Nf4 40. Nxh6 Nxh3 41. Ke4 Kd7 42. Kf5 Ke7 43. Ng8+ Kd6 44. Nf6 b5 45. Ne4+
Kd5 46. Nxg5 Nf2 47. Nf3 Nxg4 48. Kxg4 Ke4 49. Kg3 a4 50. Kf2 Kd3 51. Ke1 Kc3
52. Nd2 Kb2 53. Kd1 Kxa2 54. Kc2 axb3+ 1/2-1/2

[Event "24. European Club Cup 2008"]
[Site "Kallithea GRE"]
[Date "2008.10.23"]
[Round "7.12"]
[White "Malisauskas, Vidmantas"]
[Black "D`costa, Lorin A"]
[Result "1/2-1/2"]
[WhiteElo "2479"]
[BlackElo "2411"]
[PlyCount "51"]
[EventDate "2008.10.17"]
[EventType "team-swiss"]
[EventRounds "7"]
[EventCountry "GRE"]
[Source "lmi"]
[SourceDate "2008.10.17"]
[WhiteTeam "Vilnius"]
[BlackTeam "Barbican"]

1. e4 c5 2. Nf3 e6 3. d4 cxd4 4. Nxd4 a6 5. Nc3 Qc7 6. g3 Nf6 7. Bg2 Bb4 8.
Nde2 Be7 9. O-O Nc6 10. Nf4 O-O 11. Nd3 d6 12. g4 b5 13. a3 Rb8 14. g5 Nd7 15.
f4 Re8 16. Kh1 Bf8 17. Ne2 a5 18. b3 b4 19. axb4 Nxb4 20. Nxb4 axb4 21. Bb2 Nc5
22. Ng3 Bb7 23. Qd2 Bc6 24. Rad1 Qb7 25. h4 Rbd8 26. Kh2 1/2-1/2

[Event "24. European Club Cup 2008"]
[Site "Kallithea GRE"]
[Date "2008.10.23"]
[Round "7.12"]
[White "Dambrauskas, Virginijus"]
[Black "Ferguson, Mark"]
[Result "1/2-1/2"]
[WhiteElo "2338"]
[BlackElo "2398"]
[PlyCount "96"]
[EventDate "2008.10.17"]
[EventType "team-swiss"]
[EventRounds "7"]
[EventCountry "GRE"]
[Source "lmi"]
[SourceDate "2008.10.17"]
[WhiteTeam "Vilnius"]
[BlackTeam "Barbican"]

1. d4 d5 2. Nf3 Nf6 3. c4 c6 4. e3 Bf5 5. Nc3 e6 6. Nh4 Bg6 7. Bd2 Nbd7 8. Nxg6
hxg6 9. Qc2 Bd6 10. h3 O-O 11. Be2 Rc8 12. Qb3 Qb6 13. Qxb6 axb6 14. O-O dxc4
15. Bxc4 e5 16. Be2 b5 17. a4 exd4 18. exd4 bxa4 19. Rxa4 Nb6 20. Ra7 Rc7 21.
Bf3 Rd7 22. Be3 Re8 23. b3 Bb8 24. Raa1 Nbd5 25. Nxd5 Nxd5 26. Rfe1 Bc7 27. Bg5
Rxe1+ 28. Rxe1 f6 29. Be3 Bb6 30. Rd1 Kf7 31. Kf1 Rd8 32. Ra1 Nc3 33. Rc1 Nb5
34. d5 Bxe3 35. fxe3 cxd5 36. Rc5 Nd6 37. Bxd5+ Ke7 38. Rc7+ Rd7 39. Rxd7+ Kxd7
40. Ke2 b6 41. Kd3 g5 42. b4 Nf5 43. Be4 Ne7 44. Kc4 Kd6 45. Kb5 Kc7 46. Kc4
Kd6 47. Kb5 Kc7 48. Kc4 Kd6 1/2-1/2

[Event "24. European Club Cup 2008"]
[Site "Kallithea GRE"]
[Date "2008.10.23"]
[Round "7.12"]
[White "Taylor, Peter P"]
[Black "Novikov, Vitalij"]
[Result "1/2-1/2"]
[WhiteElo "2254"]
[BlackElo "2325"]
[PlyCount "113"]
[EventDate "2008.10.17"]
[EventType "team-swiss"]
[EventRounds "7"]
[EventCountry "GRE"]
[Source "lmi"]
[SourceDate "2008.10.17"]
[WhiteTeam "Barbican"]
[BlackTeam "Vilnius"]

1. Nf3 Nf6 2. c4 e6 3. Nc3 Bb4 4. Qc2 O-O 5. a3 Bxc3 6. Qxc3 b6 7. e3 d6 8. Be2
Nbd7 9. O-O Bb7 10. b4 Ne4 11. Qc2 f5 12. Bb2 e5 13. d4 Ng5 14. Nxg5 Qxg5 15.
d5 f4 16. exf4 exf4 17. Bf3 Rfe8 18. Rfe1 Ne5 19. Bxe5 Rxe5 20. Qc3 Rae8 21.
Rxe5 Qxe5 22. Qxe5 Rxe5 23. h4 g6 24. Rc1 h6 25. Kh2 Kf7 26. Rc3 Kf6 27. g3 g5
28. gxf4 gxf4 29. Rc1 h5 30. Rd1 Bc8 31. Rd4 Rf5 32. Be4 Re5 33. Bf3 Rf5 34.
Be4 Re5 35. Bg2 Bf5 36. Rxf4 Ke7 37. Kg3 Bg6 38. Rf3 Bc2 39. Rc3 Bg6 40. f4 Re2
41. Bf3 Ra2 42. Re3+ Kf7 43. f5 Bxf5 44. Bxh5+ Kf6 45. Be2 Ra1 46. Kf4 Rh1 47.
h5 Rh4+ 48. Kg3 Rh3+ 49. Kf2 Rh2+ 50. Kg1 Rh4 51. Kf2 a5 52. bxa5 bxa5 53. Rb3
Bg4 54. Bxg4 Rxg4 55. Rb5 Rxc4 56. Rxa5 Rh4 57. Ra7 1/2-1/2

[Event "24. European Club Cup 2008"]
[Site "Kallithea GRE"]
[Date "2008.10.23"]
[Round "7.13"]
[White "Jacobsen, Bo"]
[Black "Rade, Miroslav"]
[Result "1/2-1/2"]
[WhiteElo "2301"]
[BlackElo "2436"]
[PlyCount "67"]
[EventDate "2008.10.17"]
[EventType "team-swiss"]
[EventRounds "7"]
[EventCountry "GRE"]
[Source "lmi"]
[SourceDate "2008.10.17"]
[WhiteTeam "Aarhus"]
[BlackTeam "Brijeg"]

1. f4 Nf6 2. Nf3 d5 3. g3 g6 4. Bg2 Bg7 5. O-O O-O 6. d3 c6 7. Nc3 d4 8. Ne4
Nd5 9. a4 a5 10. Bd2 Nd7 11. c3 c5 12. Qb3 e6 13. Nd6 Qe7 14. Nc4 b6 15. e4
dxe3 16. Nxe3 Nxe3 17. Bxe3 Bb7 18. Rad1 Rfd8 19. Rfe1 Rac8 20. Bf2 Qd6 21. d4
c4 22. Qc2 Nf6 23. Re2 Bd5 24. Be1 Qc7 25. Bd2 Rb8 26. Bc1 Qb7 27. Nd2 b5 28.
axb5 Qxb5 29. h3 Qc6 30. g4 Rb5 31. Rf1 Re8 32. Nf3 Qc7 33. Ne5 Rbb8 34. f5
1/2-1/2